LEADER 01421nam 2200385 n 450 001 996383117303316 005 20221108052228.0 035 $a(CKB)1000000000597842 035 $a(EEBO)2240943098 035 $a(UnM)99835368 035 $a(UnM)9928687700971 035 $a(EXLCZ)991000000000597842 100 $a19901119d1632 uy | 101 0 $aeng 135 $aurbn||||a|bb| 200 14$aThe two feruent louers. Or A warlike kind of wooing as here at large is said$b[electronic resource] $ebetweene a braue young man, and a faithfull hearted maid. To the tune of the two louing sisters, or lulling beyond thee 210 $aLondon $cprinted for Fr. Coules$d[1632] 215 $a1 sheet ([1] p.) $cill 300 $aVerse - "As Phebus in the lustrious aire,". 300 $aSigned: L.P., i.e. Laurence Price. 300 $aPublication date from STC. 300 $aIn two parts; woodcuts at head of each part. 300 $aReproductions of original in the British Library. 330 $aeebo-0018 606 $aBallads, English$y17th century 615 0$aBallads, English 700 $aL. P$g(Laurence Price),$ffl. 1625-1680?$01001543 801 0$bCu-RivES 801 1$bCu-RivES 801 2$bCStRLIN 801 2$bWaOLN 906 $aBOOK 912 $a996383117303316 996 $aThe two feruent louers. Or A warlike kind of wooing as here at large is said$92331485 997 $aUNISA